| 000 | 00524nam a2200193Ia 4500 | ||
|---|---|---|---|
| 003 | GCL | ||
| 008 | 140319s9999 xx 000 0 eng d | ||
| 040 |
_aGCL / _cGCL |
||
| 082 | 0 | 4 |
_a589.9 _bW I |
| 100 | 1 | _aWYATT, G. M. | |
| 245 | 1 | 0 |
_aIMMUNEASSAYS FOR FOOD-POISONING BACTERIA AND BACTERIAL TOXINS / _cWYATT, G. M. |
| 700 | 1 | _aLEE, H. A. | |
| 700 | 1 | _aMORGAN, M. R. A. | |
| 260 |
_a[S.N] : _bCHAPMAN & HALL ، _c1992 |
||
| 300 | _a124 P | ||
| 650 | 0 | 4 | _aFOOD POISONING |
| 650 | 0 | 4 | _aBACTERIAL TOXINS |
| 942 |
_2ddc _cBK |
||
| 999 |
_c25249 _d25249 |
||